000 00917cam a2200289 4500
001 M2077
008 090401t1996 xxu||||| |||| 00| 0 eng d
035 _a(Sirsi) u36351
041 _aeng
050 _a690.220723
090 _aRICS 1996/24ABCD
110 _aRoyal Institution of Chartered Surveyors
_94900
245 _aConstruction Design and Management regulations : planning supervisor survey.
260 _aLondon
_bRICS
_c1996
300 _a3p. ; 30cm.
350 _a0
520 _aResults of a survey carried out in January 1996.
650 _aCONSTRUCTION (DESIGN AND MANAGEMENT) REGULATIONS 1994
650 _aCONDAM REGULATIONS
650 _aCONSTRUCTION (DESIGN AND MANAGEMENT) REGULATIONS 1994
650 _aHEALTH AND SAFETY
_96244
650 _aPLANNING SUPERVISORS
650 _aRICS SURVEY
690 _aBUILT ENVIRONMENT-BUILDING STANDARDS
942 _n0
948 _c04/03/1997
999 _c90256
_d90256